000 00643nam a22002297a 4500
003 OSt
005 20251106114128.0
008 251106s2021 ag ||||| |||| 00| 0 spa d
020 _a978-987-1093-39-7
040 _cAR-RoUNCS
_aAR-RoUNCS
080 _082-9(430)
100 1 _aFrank, Ana
_d1929-1945
_eautor
245 _aDiario /
_cAna Frank ; estudio preliminar, Claudio Zeiger.
260 _aBuenos Aires :
_bGradifco,
_c2021.
300 _a224 p. ;
_c19 cm.
490 0 _aMalva.
650 4 _aLITERATURA ALEMANA
650 4 _aHOLOCAUSTO JUDÍO
_y1939-1945
655 4 _aDIARIOS ÍNTIMOS
700 1 _aZeiger, Claudio.
942 _2udc
_cOG
_n0
999 _c692
_d692